Statistics for Largest Cities in Martinique🇲🇶

Click here to take the quiz!

General Stats

  • This quiz has been taken 9 times
  • The average score is 4 of 10

Answer Stats

PopulationCity% Correct
89,995Fort-de-France
100%
20,380Sainte-Marie
63%
40,581Le Lamentin
38%
23,814Le Robert
38%
17,394Ducos
25%
15,040La Trinite
25%
19,682Le Francoise
25%
11,025Le Gros-Morne
25%
13,359Riviere-Pilote
25%
16,974Saint-Joseph
25%

Score Distribution

Percentile by Number Answered

Percent of People with Each Score

Your Score History

You have not taken this quiz